[Event "CRO-chT2 Center 26th"]
[Site "Croatia"]
[Date "2017.03.26"]
[Round "1.24"]
[White "Segovic, Goran"]
[Black "Novosel, Tomislav"]
[Result "1/2-1/2"]
[WhiteElo "2255"]
[BlackElo "2203"]
[PlyCount "148"]
[EventDate "2017.03.26"]
[EventType "team-tourn"]
[EventRounds "11"]
[EventCountry "CRO"]
[SourceTitle "EXT 2019"]
[Source "ChessBase"]
[SourceDate "2018.10.10"]
[SourceVersion "1"]
[SourceVersionDate "2018.10.10"]
[SourceQuality "1"]

1. e4 c5 2. Nf3 d6 3. Bb5+ Bd7 4. Bxd7+ Qxd7 5. 0-0 e6 6. c3 Nf6 7. Qe2 Nc6 8. d4 cxd4 9. cxd4 d5 10. e5 Ne4 11. Be3 Be7 12. Ne1 f5 13. Nd3 0-0 14. f3 Ng5 15. Nd2 Rac8 16. Rfc1 b6 17. a3 Rc7 18. b4 Rfc8 19. Nb3 Nf7 20. f4 Ncd8 21. Nb2 Rxc1+ 22. Rxc1 Rxc1+ 23. Bxc1 Qc8 24. Qd3 h6 25. Kf2 g6 26. Ke2 Kg7 27. Bd2 g5 28. g3 Nh8 29. a4 gxf4 30. gxf4 Ng6 31. b5 Nf7 32. a5 bxa5 33. Na4 Bb4 34. Nbc5 Nd8 35. Ke3 Bxc5 36. dxc5 a6 37. bxa6 Nc6 38. Qb5 d4+ 39. Kd3 Nge7 40. Qb7 Qe8 41. Nb6 Qh5 42. Kc2 Qf3 43. a7 Nb4+ 44. Bxb4 Qxb7 45. a8Q Qxa8 46. Nxa8 axb4 47. Nc7 Kf7 48. Kd3 b3 49. Nb5 Nd5 50. Nxd4 Nxf4+ 51. Kc3 b2 52. Kxb2 Nd3+ 53. Kc3 Nxc5 54. Kc4 Ne4 55. Kd3 Ke7 56. Ke3 Nc3 57. Nf3 Nd5+ 58. Kd4 Nf4 59. Kc5 Kd7 60. Nh4 Ne2 61. Kc4 Kc6 62. Ng6 Kd7 63. Kd3 Nc1+ 64. Kc4 Ke8 65. Nf4 Kd7 66. Kc3 Kc6 67. Kc2 Na2 68. Kb3 Nc1+ 69. Kc4 Kd7 70. h4 Kc6 71. Nxe6 Ne2 72. Nd4+ Nxd4 73. Kxd4 h5 74. e6 Kd6 1/2-1/2

[Event "CRO-chT2 Center 25th"]
[Site "Croatia"]
[Date "2016.09.25"]
[Round "8.24"]
[White "Novosel, Tomislav"]
[Black "Pavic, Filip"]
[Result "1-0"]
[WhiteElo "2218"]
[BlackElo "2237"]
[PlyCount "87"]
[EventDate "2016.03.13"]
[EventType "team-tourn"]
[EventRounds "11"]
[EventCountry "CRO"]
[SourceTitle "EXT 2019"]
[Source "ChessBase"]
[SourceDate "2018.10.10"]
[SourceVersion "1"]
[SourceVersionDate "2018.10.10"]
[SourceQuality "1"]

1. d4 Nf6 2. Nf3 e6 3. e3 b6 4. Bd3 Bb7 5. Nbd2 c5 6. b3 cxd4 7. exd4 d6 8. Bb2 Be7 9. 0-0 0-0 10. c4 Nbd7 11. Re1 Re8 12. Rc1 Bf8 13. Ng5 g6 14. Re3 h6 15. Nge4 Nxe4 16. Nxe4 f5 17. Nc3 e5 18. Nd5 e4 19. Bf1 Bxd5 20. cxd5 Nf6 21. Rec3 Kh8 22. Bb5 Re7 23. Ba6 Qd7 24. Ba3 Nxd5 25. Rc6 Ree8 26. Qe2 f4 27. Qc4 Qe6 28. Re1 e3 29. fxe3 fxe3 30. Kh1 Rab8 31. Qf1 Rbd8 32. Bc4 b5 33. Bxb5 Nb6 34. Rc7 Re7 35. Rxe7 Bxe7 36. Qf3 Bg5 37. h4 Bxh4 38. Rxe3 Qc8 39. Bd3 Bg5 40. Re1 Kg7 41. Qe4 Qd7 42. Qxg6+ Kh8 43. d5 Qh7 44. Bb2+ 1-0

[Event "CRO-chT2 Center 25th"]
[Site "Croatia"]
[Date "2016.04.10"]
[Round "3.54"]
[White "Novosel, Tomislav"]
[Black "Sokac, Marko"]
[Result "1/2-1/2"]
[WhiteElo "2218"]
[BlackElo "2162"]
[PlyCount "39"]
[EventDate "2016.03.13"]
[EventType "team-tourn"]
[EventRounds "11"]
[EventCountry "CRO"]
[SourceTitle "EXT 2019"]
[Source "ChessBase"]
[SourceDate "2018.10.10"]
[SourceVersion "1"]
[SourceVersionDate "2018.10.10"]
[SourceQuality "1"]

1. d4 c5 2. e3 g6 3. Nf3 Bg7 4. Be2 Nf6 5. 0-0 0-0 6. Nbd2 b6 7. c3 Bb7 8. a4 Nc6 9. Nc4 Qc7 10. a5 Nxa5 11. Nxa5 bxa5 12. h3 Ne4 13. Qa4 d6 14. Qxa5 Qb6 15. Rd1 Bd5 16. Nd2 Nxd2 17. Rxd2 Qc6 18. Bb5 Qb7 19. Ba6 Qc6 20. Bb5 1/2-1/2

[Event "CRO-chT2 Center 25th"]
[Site "Croatia"]
[Date "2016.03.13"]
[Round "1.44"]
[White "Novosel, Tomislav"]
[Black "Havas, Ladislav"]
[Result "1/2-1/2"]
[WhiteElo "2218"]
[BlackElo "2251"]
[PlyCount "56"]
[EventDate "2016.03.13"]
[EventType "team-tourn"]
[EventRounds "11"]
[EventCountry "CRO"]
[SourceTitle "EXT 2019"]
[Source "ChessBase"]
[SourceDate "2018.10.10"]
[SourceVersion "1"]
[SourceVersionDate "2018.10.10"]
[SourceQuality "1"]

1. d4 f5 2. Nc3 d5 3. Bg5 g6 4. h4 Bg7 5. Qd2 Be6 6. f3 Nc6 7. e3 a6 8. Nge2 h6 9. Bf4 Nf6 10. Be5 Qd7 11. Nf4 Bf7 12. Rh3 Rg8 13. Rd1 b6 14. a3 Na5 15. b3 Nb7 16. Bxf6 Bxf6 17. Nfxd5 Bxd5 18. Nxd5 Qxd5 19. Bc4 Qd6 20. Bxg8 0-0-0 21. Bf7 f4 22. b4 Kb8 23. c3 e5 24. d5 fxe3 25. Qxe3 g5 26. Qe4 gxh4 27. Kf2 Qe7 28. Bg6 Qg7 1/2-1/2

[Event "CRO-chT2 Center 23rd"]
[Site "Grubisno Polje"]
[Date "2014.09.14"]
[Round "9.44"]
[White "Belani, Marijan"]
[Black "Novosel, Tomislav"]
[Result "0-1"]
[WhiteElo "2045"]
[BlackElo "2169"]
[PlyCount "102"]
[EventDate "2014.03.02"]
[EventType "team-match"]
[EventRounds "11"]
[EventCountry "CRO"]
[SourceTitle "EXT 2016"]
[Source "ChessBase"]
[SourceDate "2015.10.08"]
[SourceVersion "1"]
[SourceVersionDate "2015.10.08"]
[SourceQuality "1"]

1. c4 e5 2. Nc3 Nf6 3. Nf3 Nc6 4. d4 exd4 5. Nxd4 Bb4 6. a3 Bxc3+ 7. bxc3 0-0 8. Bg5 h6 9. Bh4 d6 10. e3 Ne5 11. Be2 Ng6 12. Bg3 Ne4 13. Qc2 Qe7 14. 0-0 Bd7 15. Bd3 Nxg3 16. hxg3 Ne5 17. Be2 Rfe8 18. Rab1 Rab8 19. Rfd1 a6 20. a4 a5 21. Rb2 Be6 22. Nxe6 Qxe6 23. Qe4 b6 24. f4 Nd7 25. Qxe6 fxe6 26. Bd3 Nc5 27. Bc2 e5 28. Kf2 Re7 29. f5 e4 30. g4 Rf8 31. Kg3 g6 32. Rd5 Rf6 33. Rb1 Rg7 34. Kf4 gxf5 35. Rxf5 Rxf5+ 36. gxf5 h5 37. f6 Rxg2 38. Bxe4 Rg4+ 39. Kf5 Nxe4 40. c5 Nxc5 41. Rh1 Re4 42. Rg1+ Kf8 43. Rg7 Re5+ 44. Kg6 Ne6 45. Rf7+ Ke8 46. Re7+ Kd8 47. Kf7 Ng5+ 48. Kf8 h4 49. c4 h3 50. c5 bxc5 51. e4 h2 0-1

[Event "CRO-chT2 Center 23rd"]
[Site "Grubisno Polje"]
[Date "2014.04.06"]
[Round "5.6"]
[White "Bjelicic, Jan"]
[Black "Novosel, Tomislav"]
[Result "1-0"]
[WhiteElo "2151"]
[BlackElo "2185"]
[PlyCount "83"]
[EventDate "2014.03.02"]
[EventType "team-match"]
[EventRounds "11"]
[EventCountry "CRO"]
[SourceTitle "EXT 2016"]
[Source "ChessBase"]
[SourceDate "2015.10.08"]
[SourceVersion "1"]
[SourceVersionDate "2015.10.08"]
[SourceQuality "1"]

1. e4 c5 2. Nf3 d6 3. c3 Nf6 4. Be2 g6 5. 0-0 Bg7 6. Qc2 0-0 7. d3 Nc6 8. h3 Rb8 9. Be3 b5 10. Nbd2 b4 11. d4 bxc3 12. bxc3 cxd4 13. Nxd4 Nxd4 14. cxd4 d5 15. e5 Nd7 16. Rfc1 a5 17. Rab1 Nb6 18. Qc5 Bf5 19. Rb5 Rc8 20. Qa3 Rxc1+ 21. Qxc1 a4 22. Qc5 Nd7 23. Qb4 Qc7 24. Rb7 Qc1+ 25. Nf1 Qc6 26. Ra7 Qb6 27. Qxa4 Rd8 28. Ng3 Be6 29. Qa5 Qxa5 30. Rxa5 f6 31. f4 Rc8 32. Ra6 Kf7 33. Bf3 Rc3 34. f5 gxf5 35. Bh5+ Kg8 36. Rxe6 Rxe3 37. Nxf5 Re1+ 38. Kf2 Ra1 39. Rxe7 Rxa2+ 40. Kg3 Ra3+ 41. Kh2 Kf8 42. Rxd7 1-0

[Event "CRO-chT2 Center 22nd"]
[Site "Sisak"]
[Date "2013.04.28"]
[Round "5.2"]
[White "Marangunic, Srdjan"]
[Black "Novosel, Tomislav"]
[Result "1-0"]
[WhiteElo "2346"]
[BlackElo "2181"]
[PlyCount "104"]
[EventDate "2013.04.14"]
[EventType "team-tourn"]
[EventRounds "11"]
[EventCountry "CRO"]
[SourceTitle "EXT 2016"]
[Source "ChessBase"]
[SourceDate "2015.10.08"]
[SourceVersion "1"]
[SourceVersionDate "2015.10.08"]
[SourceQuality "1"]

1. g3 d5 2. b4 c6 3. Bb2 Qb6 4. c3 e5 5. Qc2 Nf6 6. Bg2 Bg4 7. d3 Nbd7 8. Nf3 c5 9. bxc5 Bxc5 10. 0-0 0-0 11. h3 Bxf3 12. Bxf3 e4 13. Bg2 Rac8 14. Qb3 Rfe8 15. d4 Bd6 16. e3 Qa5 17. Nd2 Nb6 18. a4 a6 19. Rfc1 h5 20. Ba3 Bxa3 21. Qxa3 Nc4 22. Nxc4 dxc4 23. Rab1 b6 24. Qb4 Qxb4 25. Rxb4 Nd5 26. Rb2 Re6 27. Kf1 f5 28. h4 Kf7 29. Ke1 g6 30. Kd2 Kf6 31. Rcb1 g5 32. hxg5+ Kxg5 33. Rh1 Rb8 34. Bf1 Rc6 35. Be2 Rh8 36. f4+ Kg6 37. g4 fxg4 38. Bxg4 Nf6 39. Be2 h4 40. Rb4 Kf5 41. Rxc4 Rxc4 42. Bxc4 Kg4 43. Be6+ Kg3 44. Rh3+ Kf2 45. c4 Rh5 46. d5 Nh7 47. Kc3 Nf8 48. Kd4 Nxe6+ 49. dxe6 Kg2 50. e7 Kxh3 51. e8Q Ra5 52. Kxe4 Kg3 1-0

[Event "CRO-chT2 Center 22nd"]
[Site "Sisak"]
[Date "2013.04.14"]
[Round "2.4"]
[White "Novosel, Tomislav"]
[Black "Martic, Josip"]
[Result "1-0"]
[WhiteElo "2181"]
[BlackElo "2060"]
[PlyCount "111"]
[EventDate "2013.04.14"]
[EventType "team-tourn"]
[EventRounds "11"]
[EventCountry "CRO"]
[SourceTitle "EXT 2016"]
[Source "ChessBase"]
[SourceDate "2015.10.08"]
[SourceVersion "1"]
[SourceVersionDate "2015.10.08"]
[SourceQuality "1"]

1. d4 d6 2. Nf3 Nf6 3. Bg5 Nbd7 4. e3 g6 5. Be2 Bg7 6. 0-0 0-0 7. c4 Ne4 8. Bh4 Qe8 9. Nbd2 Nxd2 10. Qxd2 e5 11. dxe5 Nxe5 12. Rfd1 Qc6 13. Nd4 Qb6 14. Rac1 Re8 15. Bg3 a6 16. h3 Bd7 17. b3 Nc6 18. Nf3 Bf5 19. Bd3 Bxd3 20. Qxd3 Ne5 21. Bxe5 Bxe5 22. Qd5 Bf6 23. Ne1 Re5 24. Qd2 Rae8 25. Nd3 Re4 26. Nf4 Bg5 27. Nd5 Qc6 28. Qa5 Bd8 29. Qc3 R4e6 30. Rd3 Qd7 31. Rcd1 Qc8 32. Qd2 Re5 33. Rd4 f5 34. Qc2 Qe6 35. Nf4 Qf7 36. Rd5 g5 37. Rxe5 dxe5 38. Ne2 Be7 39. Rd5 Bd6 40. Ng3 f4 41. exf4 exf4 42. Rxg5+ Kf8 43. Rf5 fxg3 44. Rxf7+ Kxf7 45. Qxh7+ Kf8 46. Qf5+ Ke7 47. c5 gxf2+ 48. Qxf2 Be5 49. g4 Rd8 50. Qe2 Kf6 51. Qf3+ Ke6 52. Qf5+ Kd5 53. Kg2 Kd4 54. Qf2+ Ke4 55. Qf3+ Kd4 56. Qd1+ 1-0

[Event "CRO-chT2 Center"]
[Site "Zagreb"]
[Date "2012.10.28"]
[Round "11.24"]
[White "Novosel, Tomislav"]
[Black "Kovacevic, Veljko"]
[Result "0-1"]
[WhiteElo "2179"]
[BlackElo "2218"]
[PlyCount "58"]
[EventDate "2012.03.18"]
[EventType "team-swiss"]
[EventRounds "11"]
[EventCountry "CRO"]
[SourceTitle "EXT 2019"]
[Source "ChessBase"]
[SourceDate "2018.10.10"]
[SourceVersion "1"]
[SourceVersionDate "2018.10.10"]
[SourceQuality "1"]

1. d4 Nf6 2. Nf3 e6 3. e3 c5 4. Bd3 Nc6 5. 0-0 d5 6. b3 a6 7. Bb2 Nb4 8. Be2 Qc7 9. a3 Nc6 10. Ne5 Bd6 11. f4 Ne4 12. Nd2 0-0 13. Bd3 f5 14. Ndf3 Bd7 15. Qe1 Nxe5 16. dxe5 Be7 17. c4 dxc4 18. bxc4 Bc6 19. Nd2 Rad8 20. Bxe4 fxe4 21. Rf2 Rd3 22. Qe2 Qd7 23. g4 b5 24. cxb5 axb5 25. Raf1 c4 26. f5 c3 27. f6 Bc5 28. fxg7 Rxf2 29. Rxf2 cxd2 0-1

[Event "CRO-ch U19"]
[Site "Bjelolasica"]
[Date "2008.07.23"]
[Round "6"]
[White "Novosel, Tomislav"]
[Black "Plenca, Julian"]
[Result "1-0"]
[WhiteElo "2161"]
[BlackElo "2295"]
[PlyCount "84"]
[EventDate "2008.07.20"]
[EventType "swiss"]
[EventRounds "9"]
[EventCountry "CRO"]
[SourceTitle "CBM 125 Extra"]
[Source "ChessBase"]
[SourceDate "2008.09.01"]
[SourceVersion "1"]
[SourceVersionDate "2008.09.01"]
[SourceQuality "1"]

1. d4 Nf6 2. Nf3 e6 3. e3 b6 4. Bd3 Bb7 5. Nbd2 d5 6. 0-0 Be7 7. b3 0-0 8. Bb2 Ne4 9. Rc1 Nd7 10. c4 Ndf6 11. Bb1 Re8 12. Ne5 dxc4 13. Nxe4 Nxe4 14. Nxf7 Kxf7 15. Qf3+ Bf6 16. Bxe4 Bxe4 17. Qxe4 cxb3 18. axb3 Kg8 19. Rc6 Qe7 20. Rfc1 Rac8 21. h3 a5 22. R1c4 e5 23. Qd5+ Kh8 24. dxe5 Bxe5 25. Bxe5 Qxe5 26. Qxe5 Rxe5 27. Rxb6 h6 28. Rb7 c6 29. Rb6 Re6 30. Rc5 Rd8 31. Rbxc6 Rd1+ 32. Kh2 Re4 33. Rxa5 Rd2 34. Rf5 Rb4 35. Rc7 Rxb3 36. Rf8+ Kh7 37. Rff7 Kg6 38. Rxg7+ Kf6 39. Rcf7+ Ke6 40. Rf4 h5 41. Rg6+ Ke7 42. Rg5 Rbb2 1-0

[Event "CRO-chT U20 17th"]
[Site "Sv Filip i Jakov"]
[Date "2008.03.27"]
[Round "5"]
[White "Novosel, Tomislav"]
[Black "Ivekovic, Zvonimir"]
[Result "1-0"]
[WhiteElo "2152"]
[BlackElo "2127"]
[PlyCount "131"]
[EventDate "2008.03.25"]
[EventType "team-tourn"]
[EventRounds "11"]
[EventCountry "CRO"]
[SourceTitle "EXT 2010"]
[Source "ChessBase"]
[SourceDate "2010.11.25"]
[SourceVersion "1"]
[SourceVersionDate "2010.11.25"]
[SourceQuality "1"]

1. d4 Nf6 2. Nf3 c5 3. e3 cxd4 4. exd4 e6 5. Bd3 Be7 6. 0-0 0-0 7. b3 b6 8. Bb2 Bb7 9. Nbd2 Nd5 10. Re1 h6 11. a3 d6 12. Rc1 Nd7 13. c4 Nf4 14. Bf1 Ng6 15. g3 e5 16. Bg2 Rb8 17. h4 exd4 18. Bxd4 Nge5 19. Ne4 Nxf3+ 20. Bxf3 Ne5 21. Bg2 Re8 22. Bb2 Bf8 23. Rc2 f5 24. Bxe5 dxe5 25. Rd2 Bxe4 26. Rxd8 Rbxd8 27. Qa1 Bxg2 28. Kxg2 e4 29. Rd1 Rd3 30. Rxd3 exd3 31. Qd4 Bxa3 32. Qxd3 Bc5 33. Qd5+ Kf8 34. Qxf5+ Ke7 35. f4 a5 36. Qd5 Kf8 37. Qd1 Re3 38. h5 Re6 39. Kh3 Bb4 40. Kg4 Rf6 41. Qd3 Kf7 42. Qd5+ Kf8 43. Kf3 Rd6 44. Qa8+ Kf7 45. Qb7+ Kf6 46. Qc8 Rd3+ 47. Kg4 Rxb3 48. Qf5+ Ke7 49. Qe5+ Kf7 50. Qd5+ Kf6 51. Qd8+ Kf7 52. Qd5+ Kf6 53. Qd8+ Kf7 54. Qc7+ Kf6 55. Qe5+ Kf7 56. Qf5+ Ke7 57. Qg6 Kf8 58. Kf5 Re3 59. g4 Rd3 60. Qc6 Rd6 61. Qa8+ Kf7 62. g5 Bc5 63. Qb7+ Kf8 64. Qc8+ Kf7 65. Ke4 a4 66. Qb7+ 1-0

[Event "EU-ch U18 17th"]
[Site "Sibenik"]
[Date "2007.09.19"]
[Round "6"]
[White "Rombaldoni, Denis"]
[Black "Novosel, Tomislav"]
[Result "1-0"]
[WhiteElo "2383"]
[BlackElo "2072"]
[PlyCount "83"]
[EventDate "2007.09.14"]
[EventType "swiss"]
[EventRounds "9"]
[EventCountry "CRO"]
[SourceTitle "CBM 120 Extra"]
[Source "ChessBase"]
[SourceDate "2007.11.01"]
[SourceVersion "1"]
[SourceVersionDate "2007.11.01"]
[SourceQuality "1"]

1. d4 d5 2. c4 e6 3. Nf3 Nf6 4. g3 Be7 5. Bg2 0-0 6. 0-0 Nbd7 7. Nc3 c6 8. Qc2 b6 9. Rd1 Bb7 10. e4 dxc4 11. a4 a6 12. Ng5 h6 13. Nh3 b5 14. a5 Qc7 15. f4 c5 16. d5 exd5 17. exd5 Bd6 18. Bf3 h5 19. Ng5 g6 20. Be4 Nxe4 21. Ncxe4 Rfe8 22. f5 Be5 23. fxg6 fxg6 24. Be3 Bg7 25. Bf4 Ne5 26. d6 Qc6 27. d7 Rf8 28. Rd6 Nf3+ 29. Kf1 Nd4 30. Qc1 Qc7 31. Ke1 Rad8 32. Rxg6 Rxf4 33. Qxf4 Qxf4 34. gxf4 Bxe4 35. Nxe4 Nc2+ 36. Kd1 Nxa1 37. Nxc5 Ra8 38. Rxa6 Rd8 39. Rc6 Rxd7+ 40. Nxd7 Bxb2 41. a6 Bd4 42. Nb6 1-0